[Event "Turkey IS Bank Super League 2017"]
[Site "Darica-Kocaeli"]
[Date "2017.08.05"]
[Round "12"]
[White "Mamedov, Rauf"]
[Black "Najer, Evgeniy"]
[Result "1/2-1/2"]
[WhiteElo "2680"]
[BlackElo "2706"]
[Annotator "TA"]
[PlyCount "66"]
[EventType "team-tourn"]
[EventCountry "TUR"]
[SourceTitle "playchess.com"]
[Source "ChessBase"]
[SourceQuality "1"]

{[%evp 9,66,18,15,8,27,5,14,6,14,6,1,11,9,0,12,12,12,14,18,0,0,5,0,0,6,0,0,0,0,0,0,0,0,0,0,-4,0,-8,0,-8,0,-7,0,0,0,0,43,35,37,31,45,73,54,10,10,24,24,0,10]} 1. e4 e6 2. d4 d5 3. Nd2 {[%cal Bb1d2,Bd2b3,Bb3d4][%mdl 32]} c5 4. Ngf3 Nf6 5. exd5 Nxd5 6. Nb3 {C07: French Tarrasch: 3...c5, 4 Ngf3 and 4 exd5 Qxd5} cxd4 7. Nbxd4 a6 (7... Bb4+ 8. Bd2 O-O 9. c4 Bxd2+ 10. Qxd2 Nf6 11. Be2 e5 12. Nc2 Nc6 13. O-O Bf5 14. Ne3 Be4 15. Qxd8 Rfxd8 {½-½ (32) Zhao,J (2616)-Wei,Y (2727) China 2017}) 8. Bd3 Bd6 9. O-O O-O 10. Qe2 h6 $146 ({Predecessor:} 10... Qc7 11. Qe4 g6 12. Bh6 Rd8 13. Rfe1 {½-½ (36) Potkin,V (2493)-Zhukova,N (2425) Batumi 2002}) 11. Bd2 Re8 12. Rfe1 Nd7 13. Nf5 Bf8 14. c4 N5f6 15. Ng3 b6 16. Bc3 Bb7 17. Rad1 Qc7 18. Ne5 Nxe5 $1 19. Bxe5 Qc6 {[%csl Gb7][%cal Rc6g2] [#]} 20. f3 Rad8 21. Kh1 Be7 22. Bc3 Qc7 23. Be5 Qc8 24. Bc3 Bc6 25. Bb1 Rxd1 26. Qxd1 Bb7 27. b3 Kf8 28. Bxf6 Bxf6 29. Qd6+ Kg8 30. Qxb6 Qd7 31. Qf2 Rd8 32. Be4 Bc8 33. Nf1 Bc3 {Precision: White = 51%, Black = 69%.} 1/2-1/2

[Event "Turkey IS Bank Super League 2017"]
[Site "Darica-Kocaeli"]
[Date "2017.08.05"]
[Round "12"]
[White "Markus, Robert"]
[Black "Erdogdu, Mert"]
[Result "1-0"]
[WhiteElo "2672"]
[BlackElo "2445"]
[Annotator "TA"]
[PlyCount "67"]
[EventType "team-tourn"]
[EventCountry "TUR"]
[SourceTitle "playchess.com"]
[Source "ChessBase"]
[SourceQuality "1"]

{[%evp 25,67,17,20,0,0,-2,0,0,8,1,16,1,19,21,25,18,21,0,40,36,25,39,87,93,108,91,559,581,575,557,743,620,1169,1186,1042,949,29981,29982,29982,29983,29996,29997,29997,1399]} 1. d4 Nf6 2. c4 e6 3. Nf3 d5 4. g3 Be7 5. Bg2 O-O 6. O-O dxc4 7. Qc2 a6 8. a4 Bd7 9. Qxc4 Bc6 10. Bf4 Bd6 11. Bg5 Nbd7 12. Nc3 h6 {E05: Open Catalan: 5 Nf3 Be7} 13. Bxf6 Nxf6 {LiveBook: 34 Games} 14. b4 Bd5 {The position is equal.} 15. Nxd5 exd5 16. Qb3 {[#]} Re8 $146 ({Predecessor:} 16... Qe7 17. e3 Bxb4 18. Ne5 c6 19. Rab1 a5 20. Nd3 {½-½ (60) Kamsky,G (2744)-Azarov,S (2658) Rockville 2012}) 17. e3 c6 18. Rfc1 Qb6 19. Rab1 Ne4 20. Rc2 h5 21. Bh3 Re7 22. b5 axb5 23. axb5 Ra3 24. Qb2 Ra4 25. Qc1 $1 {[%cal Rb5c6]} ({Not} 25. bxc6 Rb4 $17) 25... cxb5 $2 {[%mdl 8192]} (25... c5 $16 {is tougher.}) 26. Rc8+ $18 Kh7 27. Qd1 Rb4 28. Rxb4 Bxb4 {[#]} 29. Ng5+ $1 {[%mdl 512]} Kg6 (29... Nxg5 30. Bf5+) 30. Nxe4 dxe4 31. Rh8 {White mates.} Kf6 32. Qxh5 {[%csl Gh3][%cal Rh5f5]} g6 33. Qh4+ Kg7 {[#]} 34. Rc8 {Precision: White = 67%, Black = 30%.} (34. Rf8 $142 $1 {[%mdl 512]} g5 (34... Kxf8 35. Qh8#) 35. Qh8+ Kg6 36. Rg8#) 1-0

[Event "Turkey IS Bank Super League 2017"]
[Site "Darica-Kocaeli"]
[Date "2017.08.05"]
[Round "12"]
[White "Korobov, Anton"]
[Black "Safarli, Eltaj"]
[Result "1/2-1/2"]
[WhiteElo "2668"]
[BlackElo "2641"]
[Annotator "TA"]
[PlyCount "60"]
[EventType "team-tourn"]
[EventCountry "TUR"]
[SourceTitle "playchess.com"]
[Source "ChessBase"]
[SourceQuality "1"]

{[%evp 24,60,28,20,22,20,28,11,13,17,29,10,12,19,16,0,23,40,36,8,0,0,0,0,18,0,0,0,0,0,0,-8,-8,-98,-98,-97,-86,-109,-97]} 1. d4 Nf6 2. c4 g6 3. Nf3 Bg7 4. g3 c6 5. Bg2 d5 6. O-O O-O 7. b3 dxc4 8. bxc4 c5 9. Bb2 cxd4 10. Nxd4 Qb6 11. Qb3 {A49: 1 d4 Nf6 2 Nf3 g6 3 g3: Anti-King's Indian systems} (11. Qc1 Bd7 12. Nd2 Nc6 13. Nc2 Rac8 14. Rb1 Qa6 15. Bc3 b6 16. Ne3 Rfd8 17. Qb2 Be6 18. Nd5 Ne8 19. Bxg7 Nxg7 {0-1 (56) Giri,A (2785)-So,W (2815) chess.com INT 2017}) 11... Nfd7 {[%cal Bf6d7,Bd7c5,Bc5b3][%mdl 32]} 12. e3 Nc6 13. Nc3 {[%cal Bb1c3,Bc3d5,Bd5e7][%mdl 32] LiveBook: 8 Games. White has an edge.} Qxb3 14. axb3 {[#] With the idea Nd5.} Nc5 $146 ({Predecessor:} 14... Nxd4 15. exd4 Bxd4 16. Rfd1 Bf6 17. Ra2 Kg7 18. Nd5 Bxb2 19. Rxb2 {½-½ (75) Baryshpolets,A (2547)-Areshchenko,A (2708) Kiev 2013}) 15. Nd5 (15. Ra3 {is interesting.} Nxd4 16. exd4 Bxd4 17. Ba1 Be6 18. Ne4) 15... Nxd4 (15... Bxd4 $5 16. exd4 Nxb3 $14) 16. Nxe7+ Kh8 {[#] Threatens to win with ...Ne2+.} 17. Bxd4 Bxd4 18. exd4 Nxb3 19. Rad1 Bg4 20. Rd3 Na5 21. Rc3 {Hoping for Ra1.} Rae8 $1 {[%cal Re8e7]} 22. Nd5 {And now Nf6 would win.} Be2 $1 {[%cal Re2f1]} 23. Rfc1 {aiming for Ne3.} Bxc4 (23... Nxc4 $5 24. Rxc4 Bxc4 25. Rxc4 Re1+ 26. Bf1 b5 $11) 24. Rxc4 (24. Ra3 $5 {[%cal Ra3a5]} Bxd5 25. Bxd5 $14) 24... Nxc4 25. Rxc4 Re1+ 26. Bf1 b5 27. Rc5 Rb8 28. Nb4 (28. Rc7 $11 {remains equal.} Kg7 29. Nb4) 28... a5 $17 {[%cal Ba7a5,Ba5a4][%mdl 32] Black is better.} 29. Nc6 {[#]} Ra8 $1 30. Rxb5 a4 {Precision: White = 23%, Black = 72%.} 1/2-1/2

[Event "Turkey IS Bank Super League 2017"]
[Site "Darica-Kocaeli"]
[Date "2017.08.05"]
[Round "12"]
[White "Kravtsiv, Martyn"]
[Black "Tari, Aryan"]
[Result "1/2-1/2"]
[WhiteElo "2657"]
[BlackElo "2595"]
[Annotator "TA"]
[PlyCount "66"]
[EventType "team-tourn"]
[EventCountry "TUR"]
[SourceTitle "playchess.com"]
[Source "ChessBase"]
[SourceQuality "1"]

{[%evp 19,66,0,22,10,30,30,28,20,32,32,32,32,32,19,23,29,41,0,0,0,0,0,0,2,5,6,4,0,0,4,0,0,0,0,4,0,0,0,0,0,0,0,0,0,0,0,0,0,0]} 1. Nf3 d5 2. d4 Nf6 3. c4 e6 4. Nc3 Bb4 5. Qb3 c5 6. dxc5 Na6 {[%cal Bb8a6,Ba6c5,Bc5e4][%mdl 32] D38: Queen's Gambit Declined: Ragozin Defence (4 Nf3 Bb4)} 7. a3 Bxc3+ 8. Qxc3 Nxc5 9. cxd5 Qxd5 10. Be3 Nce4 {LiveBook: 15 Games} 11. Qe5 Qxe5 12. Nxe5 Nd5 13. Bc1 Nc5 {[#]} 14. b4 $146 ({Predecessor:} 14. Rb1) 14... Nb3 15. Rb1 Nxc1 16. Rxc1 Ke7 17. e4 Nf6 18. Rc7+ Kd6 $1 {[%cal Rd6c7] The position is equal.} 19. Rc5 Rf8 20. Nxf7+ Rxf7 21. e5+ Ke7 {[#] Hoping for ...Nd7.} 22. exf6+ Kxf6 23. g4 b6 24. g5+ Ke7 25. Rc7+ Kf8 26. Rxf7+ Kxf7 $11 {[%mdl 4096] Endgame KRB-KRB} 27. Bg2 Rb8 28. O-O Bb7 29. Rc1 {[#] Threatens to win with Rc7+.} Rc8 $1 {[%cal Rc8c1]} 30. Rxc8 Bxc8 31. f4 e5 32. fxe5 Kg6 33. Kf2 Kxg5 {Precision: White = 92%, Black = 73%.} 1/2-1/2

[Event "Turkey IS Bank Super League 2017"]
[Site "Darica-Kocaeli"]
[Date "2017.08.05"]
[Round "12"]
[White "Anton Guijarro, David"]
[Black "Sadikhov, Ulvi"]
[Result "1-0"]
[WhiteElo "2654"]
[BlackElo "2494"]
[Annotator "TA"]
[PlyCount "161"]
[EventType "team-tourn"]
[EventCountry "TUR"]
[SourceTitle "playchess.com"]
[Source "ChessBase"]
[SourceQuality "1"]

{[%evp 12,161,33,42,48,0,0,0,72,65,84,86,85,82,89,88,222,231,217,231,266,261,277,258,338,281,316,295,323,318,313,283,483,466,431,331,329,299,295,118,577,256,430,425,425,430,416,376,372,372,371,372,372,372,374,376,376,374,394,377,521,515,475,476,650,662,658,662,662,662,662,659,662,662,662,655,647,472,631,590,641,626,610,0,586,586,586,586,662,662,662,662,662,662,669,662,662,662,626,569,662,662,662,662,662,662,1839,662,662,662,662,655,655,655,655,655,651,632,12842,12843,12843,12842,12843,12843,12844,12844,12847,12845,12849,12845,12845,12846,12847,12846,12846,12847,12847,12847,12848,12846,12849,12849,12850,12848,12849,12847,12847,12847,12848,12847,12850,12850]} 1. d4 Nf6 2. c4 g6 3. Nc3 Bg7 4. e4 d6 5. h3 O-O 6. Be3 c6 7. Nf3 Na6 {E90: King's Indian: Classical: Early deviations and 6 h3} 8. Nd2 e5 9. d5 Nh5 (9... Ne8 $11) 10. g3 $16 Bf6 $146 ({Predecessor:} 10... Bd7 11. Be2 Nf6 12. g4 cxd5 13. cxd5 Qc7 14. a3 Rfc8 15. g5 {0-1 (43) Jones,G (2657)-Kozul,Z (2591) Gjakova 2016}) 11. h4 Ng7 12. Be2 Be7 13. h5 f5 (13... Bd7 $16) 14. hxg6 $18 hxg6 15. Qc2 f4 16. gxf4 exf4 17. Bd4 Bf6 18. Nf3 Bg4 19. Bxf6 Qxf6 20. O-O-O Bxf3 21. Bxf3 Nc5 $2 {[#]} (21... Rae8 {was necessary.} 22. dxc6 bxc6) 22. e5 $1 {[%mdl 512]} dxe5 23. b4 e4 24. bxc5 exf3 25. dxc6 (25. Rh6 $18 {is more deadly.}) 25... Qxc6 $2 {[%mdl 8192]} (25... bxc6 $16 {is tougher.} 26. Rd6 Ne6) 26. Rdg1 (26. Rd6 $142 Qxc5 27. Qxg6) 26... Rf5 $2 (26... Rf6 27. Nd5 Re8) 27. Rh6 Qxc5 28. Rhxg6 Rf7 29. Nd5 {Qc3 would kill now.} Qd4 30. Kb1 Re8 {[#] With the idea ...Re2.} 31. Nf6+ $1 {[%mdl 512]} Qxf6 (31... Rxf6 32. Rxg7+) 32. Rxf6 Rxf6 33. Qc3 Rf7 34. Qxf3 b6 35. Rg4 Ref8 36. Qd5 Re8 37. Rxf4 Re6 38. Rxf7 Kxf7 {[%mdl 4096] Endgame KQ-KRN} 39. f4 {[%cal Bf2f4,Bf4f5][%mdl 32]} Kf6 40. Qd4+ Kf7 41. Qd7+ Re7 42. Qd5+ Kf8 43. f5 Rf7 44. Qd8+ Ne8 45. Qc8 Rc7 46. Qe6 Rf7 47. Qd5 Ng7 $1 48. Qa8+ {White is clearly winning.} Ne8 49. a4 Rc7 50. Qd5 Rf7 51. Kc2 Kg7 52. Qe5+ Nf6 53. Kb3 Kf8 54. Qd6+ Kg7 55. Kb4 Ne8 56. Qe5+ Kf8 57. a5 bxa5+ 58. Qxa5 Ng7 59. Qd8+ (59. Qc5+ $142 Kg8 60. Qc8+ Rf8 61. Qc7) 59... Ne8 60. Qc8 Rc7 61. Qe6 Rb7+ 62. Kc3 Rc7 63. Qd5 Ke7 64. c5 {[%cal Bc4c5,Bc5c6][%mdl 32]} a5 65. c6 Kf8 66. Kc4 a4 67. Kb4 Rf7 68. Kxa4 Nc7 69. Qd8+ Kg7 70. Qg5+ Kf8 71. Ka5 Ke8 72. Kb6 Nd5+ 73. Kc5 Nc7 74. Qg6 Ke7 75. Qd6+ Ke8 76. f6 Rh7 77. Qe5+ Kf8 78. Qf5 Rf7 79. Qc8+ Ne8 80. Qd8 Rc7 81. Qd7 {Precision: White = 71%, Black = 38%.} 1-0

[Event "Turkey IS Bank Super League 2017"]
[Site "Darica-Kocaeli"]
[Date "2017.08.05"]
[Round "12"]
[White "Swiercz, Dariusz"]
[Black "Zhigalko, Sergei"]
[Result "1-0"]
[WhiteElo "2638"]
[BlackElo "2644"]
[Annotator "TA"]
[PlyCount "59"]
[EventType "team-tourn"]
[EventCountry "TUR"]
[SourceTitle "playchess.com"]
[Source "ChessBase"]
[SourceQuality "1"]

{[%evp 15,59,19,26,33,26,26,39,31,44,50,45,19,19,21,25,21,24,0,0,0,0,0,0,-5,16,0,-7,0,0,2,0,-6,34,7,130,141,132,128,279,253,251,209,320,346,508,510]} 1. c4 e5 2. Nc3 Nf6 3. Nf3 Nc6 4. g3 Bb4 5. Bg2 O-O 6. O-O d6 7. d3 h6 {A29: English Opening: Four Knights Variation with 4 g3} (7... Re8 8. Nd5 Nxd5 9. cxd5 Ne7 10. Nd2 c6 11. dxc6 Nxc6 12. a3 Bxd2 13. Bxd2 d5 14. Rc1 Be6 15. b4 {1-0 (44) Dubov,D (2660)-Wojtaszek,R (2749) Doha 2016}) 8. Na4 Bc5 {LiveBook: 3 Games} 9. b3 Re8 $146 {White is slightly better.} ({Predecessor:} 9... a5 10. Nxc5 dxc5 11. Bb2 Re8 12. Nd2 Qd6 13. Ne4 Nxe4 14. Bxe4 Bh3 15. Re1 {0-1 (41) Sharafiev,A (2418)-Popov,I (2596) Sochi 2016}) 10. Bb2 Nd4 11. e3 Nxf3+ 12. Bxf3 Bb6 13. Bg2 Ba5 14. d4 Bg4 15. Qc2 c6 16. e4 b5 17. dxe5 dxe5 18. Nc5 Bb6 19. b4 Nd7 20. h3 Bxc5 21. bxc5 Be6 22. cxb5 cxb5 23. c6 Rc8 24. a4 b4 {[#]} (24... bxa4 $11 25. Rfc1 (25. Rxa4 Qb6 $17) (25. Qxa4 Nb6 $11) 25... Bb3) 25. Rfc1 $1 $36 {[%mdl 2048] White is on the roll.} Nb6 {White must now prevent ...Nc4.} 26. Bf1 ({And not} 26. Bxe5 Nc4 $15) 26... a5 $2 {[#]} (26... f6 $16) 27. Qc5 $1 $18 (27. Bxe5 Bc4 $16) 27... Na8 {If Black can now play ...f6 this consolidates a bit.} 28. Bxe5 f6 (28... Qb6 {was worth a try.} 29. Bd4 Qxc5 30. Rxc5 Nc7 31. Rxa5 Bb3) 29. c7 Qd2 (29... Qd7 $142 30. Bb5 (30. Qxa5 fxe5 31. Bb5 Qf7 $16) 30... Qf7 31. Bxe8 Qxe8) 30. Bf4 {Precision: White = 74%, Black = 41%.} 1-0

[Event "Turkey IS Bank Super League 2017"]
[Site "Darica-Kocaeli"]
[Date "2017.08.05"]
[Round "12"]
[White "Salgado Lopez, Ivan"]
[Black "Mamedov, Nidjat"]
[Result "1/2-1/2"]
[WhiteElo "2627"]
[BlackElo "2589"]
[Annotator "TA"]
[PlyCount "101"]
[EventType "team-tourn"]
[EventCountry "TUR"]
[SourceTitle "playchess.com"]
[Source "ChessBase"]
[SourceQuality "1"]

{[%evp 18,101,14,14,21,18,14,2,7,7,14,3,18,6,27,0,0,0,0,0,0,0,0,0,2,0,0,0,0,0,0,0,8,8,8,8,8,7,11,6,51,51,51,52,54,41,59,59,75,60,79,54,60,57,96,96,96,96,96,82,82,82,82,82,82,82,82,49,49,49,74,74,74,74,74,74,74,74,74,74,74,74,74,0,74,0]} 1. e4 e5 2. Nf3 Nf6 3. Nxe5 d6 4. Nf3 Nxe4 5. d4 d5 6. Bd3 Nc6 7. O-O Bg4 8. c4 Nf6 9. cxd5 Bxf3 10. Qxf3 Qxd5 {C42: Petroff Defence: 3 Nxe5 and unusual White 3rd moves} 11. Qxd5 (11. Re1+ {keeps more tension.} Be7 12. Qxd5 Nxd5 13. Nc3 O-O-O 14. Nxd5 Rxd5 15. Be3) 11... Nxd5 12. Nc3 O-O-O {The position is equal.} 13. Bc4 Nf6 (13... Nce7 14. Re1 c6 15. Bd2 g6 16. Bg5 f6 17. Bh4 Nf5 18. Bxd5 Nxh4 19. Be6+ Kb8 20. Re4 g5 21. d5 f5 22. Re2 cxd5 23. Bxd5 {½-½ (23) Smirin,I (2647)-Koch,J (2470) France 2010}) 14. Be3 {With the idea Rad1.} Nxd4 15. Rfd1 $146 ({Predecessor:} 15. Rad1 Nc6 16. Rxd8+ Nxd8 17. Bxa7 Ne6 18. Rc1 {½-½ (35) Zacharov,O (2143)-Daenen,S (2076) LSS email 2011}) 15... Ne6 16. Bxa7 Bb4 17. f3 Rxd1+ 18. Rxd1 Rd8 {[#] And now ...Bxc3 would win.} 19. Be3 Rxd1+ 20. Nxd1 c6 21. Nf2 Kd7 22. Nd3 Bd6 23. a4 Nd5 24. Bf2 Nb4 (24... f5 {seems wilder.} 25. g3 h5 26. Kf1 g5 27. Ke2 f4) 25. Nxb4 Bxb4 $11 {[%mdl 4096] Endgame KBB-KBN} 26. Kf1 Kd6 27. Be3 Ke5 28. Ke2 Nf4+ (28... f5 {feels hotter.} 29. g3 Nd4+ 30. Kf2 Ne6 31. f4+ Kf6) 29. Bxf4+ $1 Kxf4 30. Bxf7 $14 {KB-KB} Ke5 31. g3 Bc5 32. f4+ Kd6 33. h4 h6 34. Kf3 Bd4 35. b3 c5 36. g4 b6 37. Bc4 Bc3 38. Ke4 Be1 39. h5 Bd2 40. Kf5 Bc1 41. g5 Bd2 42. gxh6 gxh6 43. Ke4 Ke7 44. Ke5 Bc3+ 45. Kd5 Kf6 46. Kc6 Ba5 47. Bd3 Ke6 48. Bc2 Kf6 49. Kb5 Ke6 50. Kc6 Kf6 51. Kb5 {Precision: White = 67%, Black = 59%.} (51. Bh7 $16) 1/2-1/2

[Event "Turkey IS Bank Super League 2017"]
[Site "Darica-Kocaeli"]
[Date "2017.08.05"]
[Round "12"]
[White "Solak, Dragan"]
[Black "Kuzubov, Yuriy"]
[Result "1/2-1/2"]
[WhiteElo "2624"]
[BlackElo "2646"]
[Annotator "TA"]
[PlyCount "63"]
[EventType "team-tourn"]
[EventCountry "TUR"]
[SourceTitle "playchess.com"]
[Source "ChessBase"]
[SourceQuality "1"]

{[%evp 19,63,35,45,36,31,36,46,43,48,44,48,38,46,17,29,15,22,24,28,9,23,11,21,13,21,3,19,0,0,-10,-16,-18,-15,-19,-19,-24,0,0,0,-4,0,-12,0,0,0,0]} 1. e4 e5 2. Nf3 Nf6 3. Nxe5 d6 4. Nf3 Nxe4 5. d4 d5 6. Bd3 Be7 7. O-O Nd6 8. Bf4 O-O 9. Re1 Re8 10. Nbd2 Nd7 {[%cal Bb8d7,Bd7f8,Bf8e6][%mdl 32]} 11. c3 {C42: Petroff Defence: 3 Nxe5 and unusual White 3rd moves} Nf8 12. Qb3 $146 ({Predecessor:} 12. Qc2 c6 13. h3 g6 14. b3 Bf5 15. Bxd6 Bxd3 16. Bxe7 Bxc2 17. Bxd8 Raxd8 18. Nh2 f5 19. Nhf1 Kf7 20. Ne3 {½-½ (20) Danin,A (2585)-Pap,M (2482) Neustadt an der Weinstrasse 2017}) 12... c6 13. h3 {White is slightly better.} Ne6 14. Bh2 g6 15. a4 Nc7 16. Re2 (16. a5 {looks sharper.} Bf8 17. Bg3 Be6 18. Bf4 f6 19. Re3) 16... Bf8 17. Rxe8 Ncxe8 18. Re1 Be6 19. Bf4 Qc8 20. Qc2 Bf5 21. Bxf5 Qxf5 22. Qxf5 Nxf5 23. Kf1 f6 24. Ke2 (24. g4 $5 {[%cal Rg4f5]} Nfd6 25. a5 $11) 24... Bd6 25. Bxd6 Nexd6 26. Kd3 Kf7 27. b3 Re8 (27... Ng7 {is interesting.} 28. h4 Ne6 29. g3 Re8 30. a5 b6) 28. Rxe8 {The position is equal.} Kxe8 29. Ne1 Kd7 30. Nc2 h5 31. Ne3 Ke6 32. Nxf5 {Precision: White = 40%, Black = 63%.} 1/2-1/2

[Event "Turkey IS Bank Super League 2017"]
[Site "Darica-Kocaeli"]
[Date "2017.08.05"]
[Round "12"]
[White "Mchedlishvili, Mikheil"]
[Black "Abasov, Nijat"]
[Result "1/2-1/2"]
[WhiteElo "2602"]
[BlackElo "2577"]
[Annotator "TA"]
[PlyCount "39"]
[EventType "team-tourn"]
[EventCountry "TUR"]
[SourceTitle "playchess.com"]
[Source "ChessBase"]
[SourceQuality "1"]

{[%evp 23,39,18,18,18,18,18,18,18,16,15,29,0,12,0,30,0,8,0]} 1. d4 Nf6 2. c4 e6 3. Nf3 d5 4. g3 dxc4 5. Bg2 c5 6. O-O Nc6 7. dxc5 Qxd1 8. Rxd1 Bxc5 9. Nbd2 c3 10. bxc3 O-O 11. Nb3 Be7 12. c4 Bd7 13. Bb2 {E04: Open Catalan: 5 Nf3} Rfd8 14. Nfd4 {[%cal Bf3d4,Bd4b5,Bb5d6][%mdl 32]} Rac8 15. Nb5 b6 16. Nd6 Rc7 {[#]} 17. Nb5 $146 ({Predecessor:} 17. c5 bxc5 18. Nxc5 Nb4 19. Ndb7 Rdc8 20. Bxf6 Bxf6 21. Rab1 Nd5 22. Nxd7 Nc3 23. Nd6 Rxd7 24. Nxc8 Rxd1+ 25. Rxd1 {½-½ (25) Efimenko,Z (2651)-Bacrot,E (2692) Germany 2017}) 17... Rcc8 18. Nd6 Rc7 19. Nb5 Rcc8 20. Nd6 1/2-1/2

[Event "Turkey IS Bank Super League 2017"]
[Site "Darica-Kocaeli"]
[Date "2017.08.05"]
[Round "12"]
[White "Heberla, Bartlomiej"]
[Black "Topak, Engin"]
[Result "1-0"]
[WhiteElo "2577"]
[BlackElo "2192"]
[Annotator "TA"]
[PlyCount "93"]
[EventType "team-tourn"]
[EventCountry "TUR"]
[SourceTitle "playchess.com"]
[Source "ChessBase"]
[SourceQuality "1"]

{[%evp 10,93,12,6,47,52,61,53,64,48,63,28,66,63,67,60,64,48,45,36,43,19,28,8,10,5,10,0,3,25,25,8,14,2,18,18,24,11,25,34,45,50,52,41,43,43,30,49,79,77,165,165,160,121,118,104,131,91,89,86,108,110,99,91,112,61,79,95,89,81,136,127,217,201,333,331,328,329,300,315,314,316,5687,5583,29985,29986]} 1. c4 Nf6 2. Nc3 e6 3. e4 e5 4. Nf3 Nc6 5. d4 exd4 6. Nxd4 d6 {A18: English Opening: Flohr-Mikenas System (1 c4 Nf6 2 Nc3 e6 3 e4)} (6... Bb4 7. Nxc6 bxc6 8. e5 Ne4 9. Qg4 Nxc3 10. Bd2 O-O 11. bxc3 Qe7 12. Be2 Qxe5 13. O-O Bxc3 14. Bf4 {1-0 (56) Mastrovasilis,A (2512)-Papaioannou,I (2642) Porto Rio 2014}) 7. Be2 Be7 8. O-O O-O {White is slightly better.} 9. Nc2 Re8 $146 ({Find the theoretical novelty and annotate with similar games:} 9... b6 10. f4 Bb7 11. Bf3 Rb8 {1-0 (30) Schubert,W (1968)-Putz,G (1599) Germany 2011}) 10. b3 Bf8 11. f3 Nd7 12. Bb2 a5 13. Nd5 Nc5 14. Nce3 Ne5 15. Qc2 c6 16. Nc3 Qb6 17. Bc1 a4 {[%cal Ra4b3]} 18. Rb1 axb3 19. axb3 Ne6 20. Kh1 Nd4 21. Qd1 Nxe2 22. Qxe2 Ng6 23. Qc2 Nf4 24. Rd1 Be6 25. Nf5 Bxf5 26. Bxf4 Bg6 27. Bxd6 Bxd6 28. Rxd6 Qc5 29. Rd7 b5 (29... Re7 $16 30. Qd3 Rxd7 31. Qxd7 b5) 30. cxb5 $18 cxb5 31. Qd2 Rac8 32. Nd5 f5 33. Qb2 {[%csl Gd7][%cal Rb2g7]} Qf8 {[#]} 34. e5 $1 {[%cal Be4e5,Be5e6][%mdl 32]} Rcd8 35. Rxd8 Rxd8 36. Nf4 {And now Ne6 would win.} Qb4 37. Qc1 $36 {[%mdl 2048] White has good play.} (37. Ne6 $16 Rc8 38. h3) 37... Bf7 $14 38. e6 {Black must now prevent Qc7.} Be8 39. h4 Rd4 (39... h6 $142) 40. Qc8 $16 Kf8 (40... Qe7 $16 41. g3 Qd8) 41. g3 $18 {Threatens to win with e7+!} Rxf4 (41... Qe7 $142 42. Rc1 Rd8) 42. gxf4 Qxf4 {KQR-KQB} 43. Qc5+ Kg8 {[#]} 44. Kg2 $1 {aiming for Qe7.} Qxh4 45. Qxf5 Bg6 $2 {[#]} (45... Qd4 46. Re1 Qb2+ 47. Kg3 h5) 46. Rc1 $1 {[%mdl 512] Rc8+ would kill now.} Qd8 {[#]} 47. Qd5 $1 {[%mdl 512] Precision: White = 74%, Black = 54%.} 1-0

[Event "Turkey IS Bank Super League 2017"]
[Site "Darica-Kocaeli"]
[Date "2017.08.05"]
[Round "12"]
[White "Tukhaev, Adam"]
[Black "Vorontsov, Pavlo"]
[Result "1-0"]
[WhiteElo "2558"]
[BlackElo "2510"]
[Annotator "TA"]
[PlyCount "81"]
[EventType "team-tourn"]
[EventCountry "TUR"]
[SourceTitle "playchess.com"]
[Source "ChessBase"]
[SourceQuality "1"]

{[%evp 15,81,39,52,46,66,40,60,53,98,87,88,68,70,73,81,16,102,103,91,101,116,110,117,64,51,41,89,60,60,22,41,48,74,60,201,237,478,471,488,500,497,497,497,497,490,485,480,475,457,390,582,579,579,513,571,563,566,527,582,586,572,507,571,571,830,824,831,832]} 1. e4 g6 2. d4 Bg7 3. Nc3 c6 4. Nf3 d6 5. h3 Nf6 6. a4 O-O 7. Be2 b6 {B08: Pirc Defence: Classical System} 8. O-O Bb7 {LiveBook: 3 Games} 9. Bf4 (9. a5 $5) (9. e5 Ne8 10. Bf4 Nd7 11. Re1 c5 12. exd6 Nxd6 13. dxc5 Nxc5 14. Be5 a5 15. Bxg7 Kxg7 {0-1 (51) Horvath,A (2498)-Aronian,L (2795) Germany 2017}) 9... Nbd7 {White is slightly better.} 10. Qc1 $146 (10. a5 $5) ({Predecessor:} 10. e5 dxe5 11. Nxe5 c5 12. dxc5 Nxc5 13. a5 Qc8 14. axb6 Rd8 15. Qc1 axb6 16. Rxa8 Qxa8 {½-½ (69) Turov,M (2527)-Iordachescu,V (2606) Dieren 2005}) 10... a6 11. Rd1 b5 12. e5 Ne8 13. b4 Nb6 14. Bh6 f6 15. Ne4 (15. Bd3 $16) 15... f5 (15... Nxa4 $11 16. c4 f5 17. Bxg7 fxe4 18. Bxf8 exf3 19. Bxf3 Kxf8) 16. Nc3 $16 Nc7 17. h4 Ne6 18. Bxg7 Kxg7 19. Ng5 ({Much less strong is} 19. axb5 cxb5 20. d5 Nc7 $14) (19. a5 $16 Nd5 20. Nxd5 cxd5 21. Bd3) 19... Nxg5 $14 20. Qxg5 h6 21. Qf4 Qc7 22. Rd3 {[%cal Bd1d3,Bd3g3,Bg3g6][%mdl 32]} dxe5 23. dxe5 Nc4 24. Re1 {aiming for Rg3.} Bc8 ({Black should play} 24... Qxe5 $14 25. Qxe5+ Nxe5) 25. Rg3 $18 {Bh5 is the strong threat.} Qxe5 $2 {[#]} (25... Kh7 26. Bxc4 bxc4 27. Qxc4 f4) 26. Rxg6+ $1 {[%mdl 512]} Kxg6 {[#]} 27. Bh5+ $1 {[%mdl 512]} Kxh5 28. Rxe5 Nxe5 29. Qxe5 Kg6 30. Qxe7 Rf7 {[#]} 31. h5+ $1 {[%mdl 512]} Kg7 (31... Kxh5 32. Qxf7+) 32. Qd6 Bd7 (32... Rf6 {was worth a try.} 33. Qc7+ Kg8 34. Qd8+ Kg7) 33. Qg6+ {White is clearly winning.} Kf8 34. Qxh6+ Ke7 35. Qg5+ Kd6 36. Qf4+ Ke6 37. Ne2 Re8 38. Qd4 Ke7 39. a5 Kd8 40. Qb6+ Ke7 41. Nf4 {Precision: White = 64%, Black = 34%.} 1-0